Numeracy skills for business /

What is numeracy? Describing situations. Collecting data. Forecasting. Models. Uncertainty. Reflections.

Gespeichert in:
Bibliographische Detailangaben
1. Verfasser: Curwin, Jon.
Weitere Verfasser: Slater, Roger.
Format: Buch
Sprache:English
Veröffentlicht: London : Chapman and Hall, 1994.
Schlagworte:
Tags: Tag hinzufügen
Keine Tags, Fügen Sie den ersten Tag hinzu!
Thư viện lưu trữ: Mạng thư viện Đại học Đà Nẵng
LEADER 01034cam a2200361 i 4500
001 000049687
003 9697
005 20051111144252.0
008 010406b1994 vm 000 eng
020 |a 041259000X 
040 |a IRC  |c IRC  |d IRC 
041 0 |a eng 
082 1 4 |a 650.01513  |b CU-J 
100 1 |a Curwin, Jon. 
245 0 0 |a Numeracy skills for business /  |c Jon Curwin and Roger Slater with Mike Hart. 
260 |a London :  |b Chapman and Hall,  |c 1994. 
300 |a xi, 362 p. :  |b ill., graphs. ;  |c 26cm. 
520 3 |a What is numeracy? Describing situations. Collecting data. Forecasting. Models. Uncertainty. Reflections. 
630 0 4 |a Statistics. 
630 0 4 |a Business mathematics. 
650 0 4 |a Statistics. 
650 0 4 |a Business mathematics. 
700 1 |a Slater, Roger. 
OWN |a DUT 
999 |a From the UDN01 
TYP |a Monograph 
TYP |a Printed language 
980 |a Mạng thư viện Đại học Đà Nẵng